000 00254nam a2200097Ia 4500
001 783139
005 20250826170217.0
008 250824s9999 xx 000 0 und d
245 0 _aKUTLU PEYGAMBERİM
_cVURAL KAYA
260 _bSELÇUKLU BELEDİYESİ YAYINLARI
999 _c783139
_d783139